000 01687nam2a22002651 4500
001 RU\NLR\INFOCOMM18\1000237494
005 20250617035413.0
035 _a(NLR Aleph) 002428059
090 _a1967500
_c1967500
100 _a20050126d1984 |||y0rusy50 ca
101 0 _arus
102 _aRU
105 _ay |||||||||
200 1 _aЧерная металлургия Канады
_fТ.В. Рогачева
210 _d1984
_aБ. м.
423 0 _12001#$aЧерная металлургия Бельгии, Нидерландов и Люксембурга$fЕ.А. Каплунова, Н.Э. Хижная
_1700#1$aКаплунова$bЕ.А.$4070
_1701#1$aХижная$bН.Э.$4070
_tЧерная металлургия Бельгии, Нидерландов и Люксембурга
_aКаплунова, Е.А.
461 0 _1001RU\NLR\INFOCOMM18\1000237477
_12001#$aЧерная металлургия$eОбзор. информ.$hСерия 22$iЭкономика и организация труда в черной металлургии$fЦНИИ информации и техн.-экон. исслед. черной металлургии$v1984, Вып.2
_91967359
_cМ.
_d1979-
_fЦНИИ информации и техн.-экон. исслед. черной металлургии
_hСерия 22
_iЭкономика и организация труда в черной металлургии
_oОбзор. информ.
_tЧерная металлургия
_v1984, Вып.2
700 1 _aРогачева
_bТ.В.
_4070
801 1 _aRU
_bInfoComm
_c20050126
801 0 _aRU
_bNLR
_gPSBO
852 _aNLR
_jП22/4838
942 _cISSUE
980 _aNB
980 _aRUSPER